Visualizzazione normale
Vista MARC
- IX Capitolo Provinciale
di Personal Name
Records bibliografici associati: 1
001 - CONTROL NUMBER
- control field: 492
003 - CONTROL NUMBER IDENTIFIER
- control field: IT-RoPau
005 - DATE AND TIME OF LATEST TRANSACTION
- control field: 20130323103412.0
008 - FIXED-LENGTH DATA ELEMENTS
- fixed length control field: 130323|| aca||aabn | a|a d
040 ## - CATALOGING SOURCE
- Original cataloging agency: IT-RoPau
- Transcribing agency: IT-RoPau
100 ## - HEADING--PERSONAL NAME
- Personal name: IX Capitolo Provinciale
670 ## - SOURCE DATA FOUND
- Source citation: Work cat.: (IT-RoPau): IX Capitolo Provinciale, Atti e documenti del IX Capitolo Provinciale, 1994